000 00250nam a22000977a 4500
999 _c11319
_d11319
008 190219b ||||| |||| 00| 0 eng d
020 _a9780736050639
100 _aGarland Jim
_97060
245 _aYouth Soccer Drills
260 _aUSA
_bHuman Kinetics
_c2003